<?xml version="1.0" encoding="UTF-8"?>
<record
    xmlns:xsi="http://www.w3.org/2001/XMLSchema-instance"
    xsi:schemaLocation="http://www.loc.gov/MARC21/slim http://www.loc.gov/standards/marcxml/schema/MARC21slim.xsd"
    xmlns="http://www.loc.gov/MARC21/slim">

  <leader>00902naa a22001697i 4500</leader>
  <controlfield tag="001">9320</controlfield>
  <controlfield tag="003">KOSZ 005</controlfield>
  <controlfield tag="005">20180411080602.0</controlfield>
  <controlfield tag="008">180324s2003    pl  ||||| ||||0|| 0 pol d</controlfield>
  <datafield tag="040" ind1=" " ind2=" ">
    <subfield code="c">KOSZ 005/HR</subfield>
    <subfield code="a">KOSZ 005/HR</subfield>
  </datafield>
  <datafield tag="041" ind1="0" ind2=" ">
    <subfield code="a">pol</subfield>
  </datafield>
  <datafield tag="100" ind1="1" ind2=" ">
    <subfield code="a">ZAWADZKA, Danuta.</subfield>
    <subfield code="d">1999-2006.</subfield>
    <subfield code="b">Politechnika Koszali&#x144;ska - Wydzia&#x142; Ekonomii i Zarz&#x105;dzania,</subfield>
    <subfield code="c">Katedra Rachunkowo&#x15B;ci i Finans&#xF3;w, Zak&#x142;ad Finans&#xF3;w</subfield>
  </datafield>
  <datafield tag="245" ind1="1" ind2="0">
    <subfield code="a">Analiza mo&#x17C;liwo&#x15B;ci prognozowania efektywno&#x15B;ci przedsi&#x119;biorstwa z zastosowaniem sieci neuronowej / </subfield>
    <subfield code="c">Danuta Zawadzka, Wojciech Soko&#x142;owski.</subfield>
  </datafield>
  <datafield tag="700" ind1="1" ind2=" ">
    <subfield code="a">SOKO&#x141;OWSKI, Wojciech.</subfield>
    <subfield code="b">Politechnika Koszali&#x144;ska - Wydzia&#x142; Ekonomii i Zarz&#x105;dzania</subfield>
    <subfield code="d">1999-2006</subfield>
  </datafield>
  <datafield tag="773" ind1="0" ind2=" ">
    <subfield code="i">W :</subfield>
    <subfield code="t">Rachunkowo&#x15B;&#x107; i finanse w zarz&#x105;dzaniu przedsi&#x119;biorstwem 
w warunkach globalizacji gospodarki / pod red. Eugeniusza Janowicza. -</subfield>
    <subfield code="d">Koszalin : Wydaw. PTE, 2003. -</subfield>
    <subfield code="g">s. 23-34.</subfield>
  </datafield>
  <datafield tag="942" ind1=" " ind2=" ">
    <subfield code="c">ROZ</subfield>
    <subfield code="2">UKD</subfield>
  </datafield>
  <datafield tag="999" ind1=" " ind2=" ">
    <subfield code="c">9320</subfield>
    <subfield code="d">9320</subfield>
  </datafield>
</record>
